[Event "Wch Blitz"]
[Site "New York"]
[Date "2024.12.30"]
[Round "5"]
[White "Juksta, Karolis"]
[Black "Hong, Andrew Z"]
[Result "0-1"]
[WhiteElo "2403"]
[BlackElo "2572"]
[PlyCount "64"]
[EventDate "2024.12.30"]
[EventType "swiss (blitz)"]
[EventRounds "13"]
[EventCountry "USA"]
[SourceTitle "CB01_2025"]
[SourceDate "2025.01.01"]
[SourceVersion "1"]
[SourceVersionDate "2025.01.01"]
[SourceQuality "1"]

1. d4 Nf6 2. c4 e6 3. Nf3 h6 4. g3 Bb4+ 5. Bd2 a5 6. Bg2 d5 7. 0-0 0-0 8. a3 Be7 9. Qc2 c6 10. b3 b6 11. Rd1 Nbd7 12. Nc3 Ba6 13. cxd5 exd5 14. e3 Bd6 15. Rab1 Bxa3 16. e4 dxe4 17. Nxe4 Nxe4 18. Qxe4 Rc8 19. Ne5 Nxe5 20. Qxe5 Re8 21. Qf4 Bd3 22. Ra1 Bd6 23. Qh4 Qxh4 24. gxh4 Bc2 25. Rdc1 Bxb3 26. Rab1 a4 27. Bxc6 Re2 28. Be3 Ba3 29. Bb5 Rxc1+ 30. Rxc1 Bxc1 31. Bxe2 Bxe3 32. fxe3 a3 0-1

[Event "Wch Rapid"]
[Site "New York"]
[Date "2024.12.28"]
[Round "11"]
[White "Juksta, Karolis"]
[Black "Erenburg, Sergey"]
[Result "1-0"]
[WhiteElo "2309"]
[BlackElo "2510"]
[PlyCount "83"]
[EventDate "2024.12.26"]
[EventType "swiss (rapid)"]
[EventRounds "13"]
[EventCountry "USA"]
[SourceTitle "CB01_2025"]
[SourceDate "2025.01.01"]
[SourceVersion "1"]
[SourceVersionDate "2025.01.01"]
[SourceQuality "1"]

1. d4 d5 2. c4 e6 3. Nf3 c6 4. Nbd2 Nf6 5. g3 Be7 6. Bg2 0-0 7. 0-0 b6 8. Qc2 Bb7 9. e4 Nbd7 10. Rd1 Rc8 11. b3 c5 12. exd5 exd5 13. Bb2 Qc7 14. Rac1 Qb8 15. Qb1 Qa8 16. Nh4 Rfe8 17. cxd5 Bxd5 18. Bxd5 Qxd5 19. Nc4 cxd4 20. Bxd4 Qh5 21. Qf5 b5 22. Ne3 Rxc1 23. Rxc1 Qe2 24. Rc2 Qe1+ 25. Kg2 Qb4 26. Nf3 g6 27. Qd3 a6 28. Rc6 Rd8 29. Bc3 Qa3 30. Qc2 b4 31. Nc4 bxc3 32. Nxa3 Bxa3 33. Qxc3 Be7 34. Rxa6 Nc5 35. Ra7 Nd5 36. Qa5 Ne6 37. Ra8 Ndc7 38. Rxd8+ Bxd8 39. a4 Ne8 40. Qb5 Nd6 41. Qc6 Nf5 42. b4 1-0

[Event "Wch Rapid"]
[Site "New York"]
[Date "2024.12.28"]
[Round "10"]
[White "Sandipan, Chanda"]
[Black "Juksta, Karolis"]
[Result "1-0"]
[WhiteElo "2585"]
[BlackElo "2309"]
[PlyCount "83"]
[EventDate "2024.12.26"]
[EventType "swiss (rapid)"]
[EventRounds "13"]
[EventCountry "USA"]
[SourceTitle "CB01_2025"]
[SourceDate "2025.01.01"]
[SourceVersion "1"]
[SourceVersionDate "2025.01.01"]
[SourceQuality "1"]

1. d4 d5 2. Nf3 Nf6 3. Bf4 c5 4. e3 Nc6 5. Nbd2 Bg4 6. c3 e6 7. Qb3 Qc8 8. Nh4 Be7 9. h3 Bh5 10. g4 Bg6 11. Nxg6 hxg6 12. Be2 cxd4 13. exd4 a6 14. h4 b5 15. a4 Na5 16. Qd1 b4 17. Rc1 Qb7 18. Bf3 bxc3 19. bxc3 Rc8 20. Bg3 Ba3 21. Rc2 Qd7 22. 0-0 Bd6 23. Qe2 Bxg3 24. fxg3 Qxa4 25. Qxa6 0-0 26. Qd3 Nc4 27. g5 Ne8 28. Nxc4 Qxc4 29. Qe3 Nd6 30. g4 Nb5 31. Rfc1 Qb3 32. h5 Rfe8 33. Qe5 Qa3 34. Be2 Nxc3 35. Bd3 Qb3 36. h6 f6 37. gxf6 gxh6 38. Bxg6 Rf8 39. f7+ Rxf7 40. Bxf7+ Kxf7 41. Rf2+ Ke7 42. Rcf1 1-0

[Event "Charlotte Fall IM-B"]
[Site "Charlotte"]
[Date "2024.11.23"]
[Round "4"]
[White "Tang, Benjamin"]
[Black "Juksta, Karolis"]
[Result "1/2-1/2"]
[WhiteElo "2215"]
[BlackElo "2408"]
[PlyCount "57"]
[EventDate "2024.11.22"]
[EventType "tourn"]
[EventRounds "9"]
[EventCountry "USA"]
[EventCategory "1"]
[SourceTitle "CB49_2024"]
[SourceDate "2024.12.04"]
[SourceVersion "1"]
[SourceVersionDate "2024.12.04"]
[SourceQuality "1"]

1. e4 e6 2. d4 d5 3. Nc3 Nf6 4. e5 Nfd7 5. f4 c5 6. Nf3 Be7 7. Be3 0-0 8. Qd2 b6 9. h4 Nc6 10. h5 cxd4 11. Nxd4 Nxd4 12. Bxd4 Bh4+ 13. Bf2 Bxf2+ 14. Qxf2 f6 15. h6 fxe5 16. hxg7 Rxf4 17. Qg3 Qf6 18. Ne2 Rf5 19. Rxh7 Qg5 20. Rh3 Qxg3+ 21. Nxg3 Rf7 22. Nh5 Nf6 23. 0-0-0 Nxh5 24. Rxh5 e4 25. Bb5 Bb7 26. Rh6 Kxg7 27. Rxe6 Rc8 28. c3 Rf6 29. Re7+ 1/2-1/2

[Event "Biel HTO 57th"]
[Site "Biel"]
[Date "2024.07.25"]
[Round "10"]
[White "Juksta, Karolis"]
[Black "Sethuraman, SP."]
[Result "1/2-1/2"]
[WhiteElo "2400"]
[BlackElo "2589"]
[PlyCount "60"]
[EventDate "2024.07.15"]
[EventType "swiss"]
[EventRounds "10"]
[EventCountry "SUI"]
[SourceTitle "CBM 221"]
[Source "ChessBase"]
[SourceDate "2024.08.31"]
[SourceVersion "1"]
[SourceVersionDate "2024.08.31"]
[SourceQuality "1"]

1. d4 Nf6 2. c4 e6 3. Nf3 d5 4. Nc3 Nbd7 5. Qc2 Bb4 6. g3 dxc4 7. Bg2 Rb8 8. 0-0 a6 9. Rd1 0-0 10. a4 b5 11. axb5 axb5 12. Ne5 Nxe5 13. dxe5 Nd7 14. Be3 Bb7 15. Bxb7 Rxb7 16. Qe4 c6 17. Qxc6 Qc8 18. Qxc8 Rxc8 19. Nxb5 Nxe5 20. Na7 Re8 21. Bd4 Bd6 22. Ra6 Bc7 23. Nc6 Nxc6 24. Rxc6 Rd8 25. Rxc4 e5 26. Rdc1 exd4 27. Rxc7 Rxb2 28. Rd7 Re8 29. Re7 Kf8 30. Rxe8+ Kxe8 1/2-1/2

[Event "Biel HTO 57th"]
[Site "Biel"]
[Date "2024.07.19"]
[Round "5"]
[White "Macovei, Andrei"]
[Black "Juksta, Karolis"]
[Result "1/2-1/2"]
[WhiteElo "2479"]
[BlackElo "2400"]
[PlyCount "80"]
[EventDate "2024.07.15"]
[EventType "swiss"]
[EventRounds "10"]
[EventCountry "SUI"]
[SourceTitle "CBM 221"]
[Source "ChessBase"]
[SourceDate "2024.08.31"]
[SourceVersion "1"]
[SourceVersionDate "2024.08.31"]
[SourceQuality "1"]

1. e4 e6 2. d4 d5 3. e5 c5 4. c3 Qb6 5. Nf3 Bd7 6. Be2 Bb5 7. Bxb5+ Qxb5 8. Na3 Qd7 9. Nc2 cxd4 10. cxd4 Nc6 11. 0-0 Nge7 12. Ne3 Ng6 13. h4 Be7 14. h5 Nh4 15. Nxh4 Bxh4 16. Qg4 Be7 17. Qxg7 0-0-0 18. Qg4 f6 19. exf6 Bxf6 20. Nc2 Rhg8 21. Qh3 Nxd4 22. Nxd4 Bxd4 23. Be3 Bxe3 24. Qxe3 Kb8 25. Rfe1 Qf7 26. Qxe6 Qxh5 27. Qe5+ Qxe5 28. Rxe5 Rge8 29. Rae1 Rxe5 30. Rxe5 d4 31. Kf1 d3 32. Ke1 Rc8 33. Kd2 Rc2+ 34. Kxd3 Rxf2 35. Kc3 Rxg2 36. Re8+ Kc7 37. Re7+ Kc6 38. Rxh7 Rg3+ 39. Kc2 Rg2+ 40. Kc3 Rg3+ 1/2-1/2

[Event "Biel HTO 57th"]
[Site "Biel"]
[Date "2024.07.16"]
[Round "2"]
[White "Follesa, Enrico"]
[Black "Juksta, Karolis"]
[Result "1/2-1/2"]
[WhiteElo "2241"]
[BlackElo "2400"]
[PlyCount "37"]
[EventDate "2024.07.15"]
[EventType "swiss"]
[EventRounds "10"]
[EventCountry "SUI"]
[SourceTitle "CBM 221"]
[Source "ChessBase"]
[SourceDate "2024.08.31"]
[SourceVersion "1"]
[SourceVersionDate "2024.08.31"]
[SourceQuality "1"]

1. e4 e6 2. d4 d5 3. Nd2 c5 4. exd5 Qxd5 5. Ngf3 cxd4 6. Bc4 Qd7 7. 0-0 Nc6 8. Nb3 Nf6 9. Nbxd4 Nxd4 10. Nxd4 a6 11. c3 Bd6 12. Bd3 Qc7 13. h3 Bd7 14. Qe2 0-0 15. Re1 Bh2+ 16. Kh1 Bf4 17. Bxf4 Qxf4 18. Nf3 Rfd8 19. Ne5 1/2-1/2

[Event "Biel HTO 57th"]
[Site "Biel"]
[Date "2024.07.15"]
[Round "1"]
[White "Juksta, Karolis"]
[Black "Coles, Robin"]
[Result "1-0"]
[WhiteElo "2400"]
[BlackElo "2084"]
[PlyCount "73"]
[EventDate "2024.07.15"]
[EventType "swiss"]
[EventRounds "10"]
[EventCountry "SUI"]
[SourceTitle "CBM 221"]
[Source "ChessBase"]
[SourceDate "2024.08.31"]
[SourceVersion "1"]
[SourceVersionDate "2024.08.31"]
[SourceQuality "1"]

1. d4 d5 2. c4 e6 3. Nc3 Nf6 4. Nf3 dxc4 5. e4 b5 6. e5 Nd5 7. Nxb5 Nb6 8. Be2 Nc6 9. Be3 Bb7 10. a3 Qd7 11. Nc3 Be7 12. Qc2 Na5 13. Rd1 0-0-0 14. 0-0 f5 15. exf6 gxf6 16. Nd2 Rhg8 17. Bf3 Nd5 18. Nxd5 Bxd5 19. g3 Qc6 20. Bxd5 exd5 21. Bf4 Nb7 22. b3 Bd6 23. bxc4 dxc4 24. d5 Qa6 25. Nxc4 Bxf4 26. Qf5+ Kb8 27. Qxf4 h5 28. Ne3 Qxa3 29. Ra1 Qd6 30. Qa4 a6 31. Rfc1 a5 32. Qc6 Ka7 33. Rcb1 Rb8 34. Rb5 Qxc6 35. dxc6 Rg5 36. Rxg5 fxg5 37. cxb7 1-0

[Event "Biel Rapid op 57th"]
[Site "Biel"]
[Date "2024.07.14"]
[Round "8"]
[White "Sadorra, Julio Catalino"]
[Black "Juksta, Karolis"]
[Result "1-0"]
[WhiteElo "2542"]
[BlackElo "2400"]
[PlyCount "75"]
[EventDate "2024.07.14"]
[EventType "swiss (rapid)"]
[EventRounds "9"]
[EventCountry "SUI"]
[SourceTitle "EXT 2025"]
[Source "ChessBase"]
[SourceDate "2024.10.14"]
[SourceVersion "1"]
[SourceVersionDate "2024.10.14"]
[SourceQuality "1"]

1. Nf3 d5 2. e3 Nf6 3. c4 e6 4. Nc3 a6 5. b3 Bd6 6. Bb2 b6 7. d4 Bb7 8. cxd5 exd5 9. g3 Nbd7 10. Bg2 0-0 11. 0-0 Qe7 12. Rc1 Rfe8 13. Ne2 Ne4 14. Nf4 a5 15. Qc2 a4 16. Nd3 a3 17. Ba1 Rac8 18. Nfe5 c5 19. Nxd7 Qxd7 20. dxc5 bxc5 21. Rfe1 c4 22. Nf4 d4 23. Bxd4 Bxf4 24. gxf4 cxb3 25. Qxb3 Bd5 26. Qd3 Qb7 27. f3 Nd6 28. e4 Bc4 29. Qxa3 Nb5 30. Qb2 Qa6 31. Bxg7 Qxa2 32. Qxa2 Bxa2 33. Bf6 Nd6 34. Bh3 Be6 35. f5 Bd7 36. Rcd1 Rc6 37. e5 Bxf5 38. exd6 1-0

[Event "Biel Rapid op 57th"]
[Site "Biel"]
[Date "2024.07.14"]
[Round "3"]
[White "Vemparala, Nikash"]
[Black "Juksta, Karolis"]
[Result "0-1"]
[WhiteElo "2150"]
[BlackElo "2400"]
[PlyCount "72"]
[EventDate "2024.07.14"]
[EventType "swiss (rapid)"]
[EventRounds "9"]
[EventCountry "SUI"]
[SourceTitle "EXT 2025"]
[Source "ChessBase"]
[SourceDate "2024.10.14"]
[SourceVersion "1"]
[SourceVersionDate "2024.10.14"]
[SourceQuality "1"]

1. e4 e6 2. d4 d5 3. e5 c5 4. c3 Nc6 5. Nf3 Nh6 6. Bxh6 gxh6 7. Be2 f6 8. 0-0 cxd4 9. cxd4 Bg7 10. Nc3 0-0 11. Qd2 fxe5 12. dxe5 Nxe5 13. Nxe5 Bxe5 14. Qxh6 Bg7 15. Qh5 Qb6 16. Bd3 h6 17. Qg6 Rf7 18. Rae1 Bd7 19. Ne2 e5 20. Qh5 Raf8 21. Qh4 e4 22. Bb1 Qxb2 23. Qg3 Bb5 24. Qe3 a6 25. a4 Bxa4 26. Rc1 Bc6 27. Rc2 Qe5 28. Ba2 Kh8 29. Rd2 Rd7 30. Nd4 Qg5 31. Qc3 Rdf7 32. Qc2 e3 33. Ne6 Rxf2 34. Rdxf2 exf2+ 35. Kh1 Qf5 36. Qe2 Bb5 0-1

[Event "LTU-ch"]
[Site "Vilnius"]
[Date "2024.05.22"]
[Round "5"]
[White "Juksta, Karolis"]
[Black "Sarakauskas, Gediminas"]
[Result "1/2-1/2"]
[WhiteElo "2399"]
[BlackElo "2343"]
[PlyCount "99"]
[EventDate "2024.05.19"]
[EventType "tourn"]
[EventRounds "9"]
[EventCountry "LTU"]
[EventCategory "5"]
[SourceTitle "CBM 220 Extra"]
[Source "ChessBase"]
[SourceDate "2024.07.31"]
[SourceVersion "1"]
[SourceVersionDate "2024.07.31"]
[SourceQuality "1"]

1. d4 d5 2. c4 c6 3. cxd5 cxd5 4. Bf4 Nc6 5. e3 Nf6 6. Nc3 Bf5 7. Qb3 Na5 8. Qa4+ Bd7 9. Qc2 e6 10. Nf3 Rc8 11. Bd3 Nc4 12. Bxc4 Rxc4 13. Ne5 Rc8 14. Qb3 Qb6 15. Qxb6 axb6 16. a3 Ne4 17. Nxe4 dxe4 18. Kd2 f6 19. Nxd7 Kxd7 20. h4 Bd6 21. Bxd6 Kxd6 22. h5 e5 23. Rh4 f5 24. f3 Kd5 25. Rf1 Rhf8 26. fxe4+ fxe4 27. Rxf8 Rxf8 28. Rg4 exd4 29. Rg5+ Kc4 30. b3+ Kxb3 31. exd4 Rf7 32. Rb5+ Kc4 33. Rb4+ Kd5 34. Ke3 Rf1 35. Rb5+ Kc4 36. Rb4+ Kd5 37. Rxb6 Re1+ 38. Kf2 Rh1 39. Ke3 Re1+ 40. Kf2 Rh1 41. Rxb7 Kxd4 42. Rd7+ Ke5 43. Rxg7 Rxh5 44. Ke3 Kf6 45. Ra7 Rg5 46. Kxe4 Rxg2 47. Rxh7 Ke6 48. Rh3 Rg4+ 49. Kd3 Kd5 50. a4 1/2-1/2

[Event "LTU-ch"]
[Site "Vilnius"]
[Date "2024.05.19"]
[Round "1"]
[White "Juksta, Karolis"]
[Black "Nainys, Zanas1"]
[Result "1/2-1/2"]
[WhiteElo "2399"]
[BlackElo "2234"]
[PlyCount "84"]
[EventDate "2024.05.19"]
[EventType "tourn"]
[EventRounds "9"]
[EventCountry "LTU"]
[EventCategory "5"]
[SourceTitle "CBM 220 Extra"]
[Source "ChessBase"]
[SourceDate "2024.07.31"]
[SourceVersion "1"]
[SourceVersionDate "2024.07.31"]
[SourceQuality "1"]

1. d4 d5 2. c4 e6 3. Nf3 Nf6 4. Nc3 c6 5. e3 Bd6 6. Be2 Nbd7 7. 0-0 0-0 8. b3 dxc4 9. bxc4 e5 10. Qc2 Re8 11. Ng5 exd4 12. exd4 Nf8 13. h3 Ng6 14. c5 Bf4 15. Bxf4 Nxf4 16. Bc4 Be6 17. Nxe6 Nxe6 18. Rfd1 Nf4 19. Qf5 N4d5 20. Nxd5 Nxd5 21. Rab1 g6 22. Qf3 Re7 23. Bxd5 Qxd5 24. Qxd5 cxd5 25. Rd2 Rc8 26. f3 Rc6 27. Rdb2 b6 28. cxb6 axb6 29. Rxb6 Rc4 30. R6b4 Re2 31. Rxc4 dxc4 32. Rc1 Rxa2 33. Rxc4 Rd2 34. h4 h5 35. Rc8+ Kg7 36. Rd8 Kf6 37. Kh2 Ke7 38. Rd5 f6 39. Kg3 Ke6 40. Rd8 Ke7 41. Rg8 Kf7 42. Rd8 Ke7 1/2-1/2